000
00225nam a2200097Ia 4500
008
170619s9999 xx 000 0 und d
100
_a
Apte / Cohen
245
0
_a
Manufacturing Automation
260
_b
Chicago: Irwin
260
_c
1997
546
_a
ENGLISH
999
_c
17694
_d
17694